| 000 | 00731na a2200229 4500 | ||
|---|---|---|---|
| 001 | 14355 | ||
| 003 | MIRAKIL | ||
| 005 | 20181213154935.0 | ||
| 008 | 160923b tu 000 0 | ||
| 035 | _a14355 | ||
| 040 |
_aMilas _btur _cTR-AnCHP |
||
| 082 |
_aATA 923.156 _bS25 2010 |
||
| 090 | _aATA 923.156 S25 2010 | ||
| 100 | _aKılıç, Tuncay | ||
| 245 |
_aSanat yayınları 2010 işte Atatürk _cTuncay Kılıç & Partner LBB |
||
| 260 |
_a[y.y.] _bKılıç Partner LBB, Kılıç-Alu Systems _c2010 |
||
| 300 |
_a294 s. _c16 sm. |
||
| 600 |
_aAtatürk, Mustafa Kemal _xMeclis konuşmaları |
||
| 600 |
_aAtatürk, Mustafa Kemal _d1881-1938 _xSiyasal ve sosyal görüşler |
||
| 650 | _aAtatürkçülük | ||
| 942 |
_2ddc _cBKS |
||
| 999 |
_c3558 _d3558 |
||